000 00981cam a2200289 a 4500
003 CHAP
005 20220329142759.0
008 030911d1999 mx r 10100 spa d
010 _a87681
011 _a88653
035 _a99198
040 _cCHAP
082 0 4 _a631.063
_bC6
111 0 0 _aCongreso Nacional de Ingeniería Agrícola
_n(9 :
_d1999 :
_cChapingo, Méx.)
_927017
245 1 0 _aMemorias
_c/por Sociedad Mexicana de Ingeniería Agrícola
260 _aChapingo, Méx. :
_bSociedad Mexicana de Ingeniería Agrícola,
_c1999.
300 _a554 p.
590 _aBATCH-UPD
_b10
_c20130110
_lUCH01
_h0539
590 _aBATCH-UPD
_b10
_c20130410
_lUCH01
_h0220
590 _aBATCH-UPD
_b10
_c20130914
_lUCH01
_h1032
590 _aCONVERSION
_b10
_c20130109
_lUCH01
_h1349
650 1 4 _aIngeniería agrícola
_xCongresos.
_958198
901 _aBK
905 _aAlejandra Carrasco M.
942 _cLIBRO
949 _a631.063 C6 1999
_bBC
_cCONG
_d33724000898482
_eCONG
_h103952
_i99198
_st
999 _c87681
_d87681